Văn học Việt Nam thế kỷ XX Thơ ca chữ Quốc ngữ Việt Nam đầu thế kỷ XX Q.4, T.II

Tallennettuna:
Bibliografiset tiedot
Muut tekijät: Nguyễn Khuyến, Nhiêu Tâm, Học Lạc, Lê Quang Chiếu, Lưu Hồng Sơn (b.s.), Mai Quốc Liên (ch.b.), Lê Lượng Thể
Aineistotyyppi: Kirja
Kieli:Vietnamese
Julkaistu: H. Văn học 2005
Aiheet:
Tagit: Lisää tagi
Ei tageja, Lisää ensimmäinen tagi!
Thư viện lưu trữ: Mạng thư viện Đại học Đà Nẵng
LEADER 01491aam a22004098a 4500
001 000015698
003 12081
005 20120531150531.0
008 120531s2005 viesd
020 |d 1000b 
041 |a vie 
082 1 4 |2 14  |a 895.92213  |b VAN 
084 |a V6(1)6-5  |b V115H 
245 |a Văn học Việt Nam thế kỷ XX  |b Thơ ca chữ Quốc ngữ Việt Nam đầu thế kỷ XX  |c Mai Quốc Liên ch.b. ; S.t., soạn tuyển: Lưu Hồng Sơn, Trung tâm Nghiên cứu Quốc học (Hội Nhà văn Việt Nam)  |n Q.4, T.II 
260 |a H.  |b Văn học  |c 2005 
300 |a 1179tr.  |c 24cm 
650 7 |2 Bộ TK TVQG  |a Văn học hiện đại 
651 7 |2 Bộ TK TVQG  |a Việt Nam 
655 7 |2 Bộ TK TVQG  |a Thơ 
700 1 |a Nguyễn Khuyến 
700 0 |a Nhiêu Tâm 
700 0 |a Học Lạc 
700 1 |a Lê Quang Chiếu 
700 1 |a Lưu Hồng Sơn  |e b.s. 
700 1 |a Mai Quốc Liên  |e ch.b. 
700 1 |a Lê Lượng Thể 
773 |t Văn học Việt Nam thế kỷ XX  |w 1848 
OWN |a LSP 
AVA |a UDN50  |b LSP  |d 895.92213 VAN  |e available  |t Error 5001 Not defined in file expand_doc_bib_avail.  |f 2  |g 0  |h N  |i 0  |k 1 
999 |a From the UDN01 
AVA |a UDN50  |b LSP  |d 895.92213 VAN  |e available  |t Error 5001 Not defined in file expand_doc_bib_avail.  |f 2  |g 0  |h N  |i 0  |k 1 
TYP |a Monograph 
TYP |a Printed language 
980 |a Mạng thư viện Đại học Đà Nẵng